[Event "Reinstorf op"]
[Site "Reinstorf"]
[Date "2022.02.06"]
[Round "9"]
[White "Sistig, Max"]
[Black "Anderberg, Peter"]
[Result "1/2-1/2"]
[WhiteElo "1844"]
[BlackElo "2003"]
[PlyCount "36"]
[EventDate "2022.01.29"]
[EventType "swiss"]
[EventRounds "9"]
[EventCountry "GER"]
[SourceTitle "CBM 206 Extra"]
[Source "ChessBase"]
[SourceDate "2022.03.31"]
[SourceVersion "1"]
[SourceVersionDate "2022.03.31"]
[SourceQuality "1"]

1. d4 d5 2. c4 e6 3. Nc3 Nf6 4. cxd5 exd5 5. Bg5 Be7 6. e3 0-0 7. Bd3 h6 8. Bh4 Re8 9. Nge2 Nbd7 10. 0-0 c6 11. Qc2 Nh5 12. Bxe7 Qxe7 13. Rae1 Nb6 14. Ng3 Nxg3 15. hxg3 Bd7 16. f3 c5 17. dxc5 Qxc5 18. Qf2 Re7 1/2-1/2

[Event "Reinstorf op"]
[Site "Reinstorf"]
[Date "2022.02.02"]
[Round "5"]
[White "Anderberg, Peter"]
[Black "Zhou, Lepu Coco"]
[Result "1/2-1/2"]
[WhiteElo "2003"]
[BlackElo "1819"]
[PlyCount "39"]
[EventDate "2022.01.29"]
[EventType "swiss"]
[EventRounds "9"]
[EventCountry "GER"]
[SourceTitle "CBM 206 Extra"]
[Source "ChessBase"]
[SourceDate "2022.03.31"]
[SourceVersion "1"]
[SourceVersionDate "2022.03.31"]
[SourceQuality "1"]

1. d4 d5 2. c4 dxc4 3. Nf3 a6 4. e3 Nf6 5. Bxc4 e6 6. 0-0 c5 7. Bd3 Nc6 8. Re1 cxd4 9. exd4 Be7 10. Nc3 0-0 11. a3 b5 12. b4 Bb7 13. Bc2 Qc7 14. Qd3 Nxb4 15. axb4 Rfc8 16. Bd2 Bxb4 17. Rec1 Bxc3 18. Qxc3 Qd7 19. Qe3 Bxf3 20. gxf3 1/2-1/2

[Event "Reinstorf op"]
[Site "Reinstorf"]
[Date "2022.02.01"]
[Round "4"]
[White "Wagner, Frank"]
[Black "Anderberg, Peter"]
[Result "1/2-1/2"]
[WhiteElo "1756"]
[BlackElo "2003"]
[PlyCount "36"]
[EventDate "2022.01.29"]
[EventType "swiss"]
[EventRounds "9"]
[EventCountry "GER"]
[SourceTitle "CBM 206 Extra"]
[Source "ChessBase"]
[SourceDate "2022.03.31"]
[SourceVersion "1"]
[SourceVersionDate "2022.03.31"]
[SourceQuality "1"]

1. Nf3 d5 2. d4 c5 3. e3 Nc6 4. c3 cxd4 5. exd4 Bg4 6. Be2 Qc7 7. Be3 e6 8. Nh4 Bxe2 9. Qxe2 Bd6 10. Nf3 Nge7 11. Nbd2 0-0 12. 0-0 Rab8 13. a4 Rfc8 14. Rfb1 Na5 15. h3 Nc4 16. Nxc4 Qxc4 17. Qd2 Qc7 18. Ne1 b6 1/2-1/2

[Event "Hamburg-chT Landesliga 1920"]
[Site "Hamburg"]
[Date "2020.02.09"]
[Round "6.6"]
[White "Kuhle, Sebastian"]
[Black "Anderberg, Peter"]
[Result "1-0"]
[WhiteElo "2028"]
[BlackElo "2020"]
[PlyCount "67"]
[EventDate "2019.09.29"]
[EventType "team-tourn"]
[EventRounds "9"]
[EventCountry "GER"]
[SourceTitle "EXT 2021"]
[Source "ChessBase"]
[SourceDate "2020.10.23"]
[SourceVersion "1"]
[SourceVersionDate "2020.10.23"]
[SourceQuality "1"]

1. c4 e5 2. Nc3 Nf6 3. Nf3 Nc6 4. g3 Bb4 5. Bg2 0-0 6. 0-0 e4 7. Ne1 Bxc3 8. dxc3 Re8 9. Nc2 d6 10. Ne3 h6 11. b3 Be6 12. Qc2 Qd7 13. Rd1 Bh3 14. Bh1 Re5 15. Nd5 Nxd5 16. cxd5 Ne7 17. Bxe4 f5 18. Bf3 g5 19. c4 Ng6 20. Bb2 Re7 21. Re1 Rae8 22. Bh5 Kh7 23. Qc3 Rf8 24. Qd3 Ne5 25. Bxe5 dxe5 26. g4 Bxg4 27. Bxg4 e4 28. Bxf5+ Qxf5 29. Qg3 Ref7 30. Rf1 Qf6 31. Rae1 Qg6 32. Qe5 h5 33. Rd1 Rd8 34. Rd4 1-0

[Event "Bremen Silvester op"]
[Site "Bremen"]
[Date "2018.12.30"]
[Round "7"]
[White "Schiller, Jan Hendrik"]
[Black "Anderberg, Peter"]
[Result "1/2-1/2"]
[WhiteElo "1829"]
[BlackElo "2011"]
[PlyCount "38"]
[EventDate "2018.12.27"]
[EventType "swiss"]
[EventRounds "7"]
[EventCountry "GER"]
[SourceTitle "CBM 188 Extra"]
[Source "ChessBase"]
[SourceDate "2019.02.28"]
[SourceVersion "1"]
[SourceVersionDate "2019.02.28"]
[SourceQuality "1"]

1. d4 Nf6 2. Bf4 d5 3. e3 c5 4. c3 e6 5. Nf3 Nc6 6. Nbd2 Bd6 7. Bg3 Bxg3 8. hxg3 Qb6 9. Rb1 Bd7 10. Bd3 Rc8 11. Ne5 Qc7 12. Ndf3 cxd4 13. exd4 Ne4 14. Nxc6 Bxc6 15. Ne5 Ke7 16. Qg4 Rcg8 17. Qf4 Ke8 18. Qe3 f6 19. Nxc6 Qxc6 1/2-1/2

[Event "Bremen Silvester op"]
[Site "Bremen"]
[Date "2018.12.29"]
[Round "5"]
[White "Anderberg, Peter"]
[Black "Zotin, Vladimir"]
[Result "1-0"]
[WhiteElo "2011"]
[BlackElo "1869"]
[PlyCount "79"]
[EventDate "2018.12.27"]
[EventType "swiss"]
[EventRounds "7"]
[EventCountry "GER"]
[SourceTitle "CBM 188 Extra"]
[Source "ChessBase"]
[SourceDate "2019.02.28"]
[SourceVersion "1"]
[SourceVersionDate "2019.02.28"]
[SourceQuality "1"]

1. e4 c5 2. Nc3 Nc6 3. d3 e6 4. g3 d5 5. Bg2 d4 6. Nce2 e5 7. f4 Bg4 8. Nf3 f6 9. 0-0 Qc7 10. fxe5 Bxf3 11. Bxf3 Nxe5 12. Nf4 0-0-0 13. Ne6 Qd7 14. Nxd8 Qxd8 15. Bf4 Bd6 16. c3 Ne7 17. cxd4 Nxf3+ 18. Qxf3 Bxf4 19. Qxf4 Qxd4+ 20. Rf2 Ng6 21. Qg4+ Kb8 22. Kg2 Rd8 23. Rd2 Qe3 24. Rad1 c4 25. d4 Ne5 26. Qf4 Qxf4 27. gxf4 Nd3 28. Kf3 Rxd4 29. Ke3 Rd6 30. b3 b5 31. bxc4 bxc4 32. Rc2 Nb4 33. Rxd6 Nxc2+ 34. Kd2 Kc7 35. Ra6 Kb7 36. Ra4 Nd4 37. Rb4+ Ka6 38. Rxc4 Nf3+ 39. Ke2 Nxh2 40. Rc7 1-0

[Event "Bremen Silvester op"]
[Site "Bremen"]
[Date "2018.12.28"]
[Round "3"]
[White "Anderberg, Peter"]
[Black "Hattenhauer, Klaus"]
[Result "1/2-1/2"]
[WhiteElo "2011"]
[BlackElo "1836"]
[PlyCount "29"]
[EventDate "2018.12.27"]
[EventType "swiss"]
[EventRounds "7"]
[EventCountry "GER"]
[SourceTitle "CBM 188 Extra"]
[Source "ChessBase"]
[SourceDate "2019.02.28"]
[SourceVersion "1"]
[SourceVersionDate "2019.02.28"]
[SourceQuality "1"]

1. d4 d5 2. c4 e6 3. Nc3 Nf6 4. cxd5 exd5 5. Bg5 c6 6. Qc2 Be7 7. e3 Be6 8. Bd3 Nbd7 9. Nge2 h6 10. Bh4 Nh5 11. Bxe7 Qxe7 12. Ng3 Nxg3 13. hxg3 Nf6 14. Bf5 Qd7 15. Bxe6 1/2-1/2

[Event "Bremen Silvester op"]
[Site "Bremen"]
[Date "2018.12.28"]
[Round "4"]
[White "Jung, Gerald"]
[Black "Anderberg, Peter"]
[Result "1/2-1/2"]
[WhiteElo "1892"]
[BlackElo "2011"]
[PlyCount "41"]
[EventDate "2018.12.27"]
[EventType "swiss"]
[EventRounds "7"]
[EventCountry "GER"]
[SourceTitle "CBM 188 Extra"]
[Source "ChessBase"]
[SourceDate "2019.02.28"]
[SourceVersion "1"]
[SourceVersionDate "2019.02.28"]
[SourceQuality "1"]

1. Nc3 Nf6 2. e4 e5 3. f4 d5 4. fxe5 Nxe4 5. d3 Nxc3 6. bxc3 Be7 7. d4 c5 8. Nf3 Nc6 9. Be2 f6 10. 0-0 0-0 11. Bf4 Qa5 12. exf6 Bxf6 13. Bd6 Re8 14. Ne5 cxd4 15. Nxc6 bxc6 16. Bd3 Ba6 17. Bxh7+ Kxh7 18. Qh5+ Kg8 19. Rxf6 Qxc3 20. Qf7+ Kh8 21. Qh5+ 1/2-1/2

[Event "Bremen Silvester op"]
[Site "Bremen"]
[Date "2018.12.27"]
[Round "2"]
[White "Mueller, Oliver"]
[Black "Anderberg, Peter"]
[Result "1-0"]
[WhiteElo "2250"]
[BlackElo "2011"]
[PlyCount "65"]
[EventDate "2018.12.27"]
[EventType "swiss"]
[EventRounds "7"]
[EventCountry "GER"]
[SourceTitle "CBM 188 Extra"]
[Source "ChessBase"]
[SourceDate "2019.02.28"]
[SourceVersion "1"]
[SourceVersionDate "2019.02.28"]
[SourceQuality "1"]

1. d4 d5 2. c4 e6 3. Nf3 Nf6 4. g3 Be7 5. Bg2 0-0 6. 0-0 dxc4 7. Qc2 c6 8. Qxc4 b5 9. Qc2 Bb7 10. Nbd2 Qb6 11. Nb3 Nbd7 12. Bd2 c5 13. Ba5 Qa6 14. dxc5 Be4 15. Qc1 Nxc5 16. Nxc5 Bxc5 17. Qxc5 Qxa5 18. a4 Rfc8 19. Qxb5 Qxb5 20. axb5 Rc2 21. Rfc1 Rxe2 22. Rxa7 Rd8 23. Nd4 Rd2 24. Bxe4 Nxe4 25. Rd7 Rf8 26. f3 Nf6 27. Rd6 Ne8 28. Rd8 e5 29. Rcc8 Rd1+ 30. Kg2 f6 31. Ne6 Rxd8 32. Rxd8 Nc7 33. Rxf8# 1-0

[Event "Lueneburg op-A"]
[Site "Lueneburg"]
[Date "2017.07.14"]
[Round "7"]
[White "Anderberg, Peter"]
[Black "Franke, Lutz"]
[Result "0-1"]
[WhiteElo "1981"]
[BlackElo "2139"]
[PlyCount "98"]
[EventDate "2017.07.08"]
[EventType "swiss"]
[EventRounds "9"]
[EventCountry "GER"]
[SourceTitle "CBM 179 Extra"]
[Source "ChessBase"]
[SourceDate "2017.08.23"]
[SourceVersion "1"]
[SourceVersionDate "2017.08.23"]
[SourceQuality "1"]

1. d4 e6 2. c4 f5 3. Nc3 Nf6 4. f3 Bb4 5. Bd2 b6 6. e3 Bb7 7. Bd3 0-0 8. Nge2 c5 9. a3 cxd4 10. axb4 dxc3 11. Bxc3 d6 12. 0-0 Qe7 13. Qc2 Nbd7 14. Rfd1 Ne5 15. Bxe5 dxe5 16. Qc3 e4 17. fxe4 Bxe4 18. Ng3 Bxd3 19. Rxd3 Rad8 20. Rad1 Kf7 21. Rd4 g6 22. R1d3 Rxd4 23. exd4 Rc8 24. Qb3 Qc7 25. c5 Nd5 26. Ne2 Rd8 27. g3 a5 28. bxa5 bxc5 29. Qa3 Ra8 30. Qxc5 Qxc5 31. dxc5 Rxa5 32. b4 Nxb4 33. Rd7+ Kf6 34. Rxh7 Rxc5 35. Rb7 Nd5 36. Ra7 Rc2 37. Nd4 Rc4 38. Nf3 Ne3 39. h4 Rc2 40. Ra3 Rc1+ 41. Kh2 Ng4+ 42. Kg2 Rc2+ 43. Kg1 Rc6 44. Ra8 e5 45. h5 e4 46. Nd4 Rd6 47. Rf8+ Ke7 48. Rxf5 Rxd4 49. hxg6 Rd1+ 0-1

[Event "Lueneburg op-A"]
[Site "Lueneburg"]
[Date "2017.07.09"]
[Round "2"]
[White "Anderberg, Peter"]
[Black "Friesen, Viktor"]
[Result "0-1"]
[WhiteElo "1981"]
[BlackElo "2167"]
[PlyCount "108"]
[EventDate "2017.07.08"]
[EventType "swiss"]
[EventRounds "9"]
[EventCountry "GER"]
[SourceTitle "CBM 179 Extra"]
[Source "ChessBase"]
[SourceDate "2017.08.23"]
[SourceVersion "1"]
[SourceVersionDate "2017.08.23"]
[SourceQuality "1"]

1. d4 c5 2. dxc5 e6 3. Nc3 Bxc5 4. Ne4 Be7 5. Nd6+ Kf8 6. Nxc8 Qxc8 7. e4 Nc6 8. Nf3 Qc7 9. Bd3 Nf6 10. 0-0 h6 11. Qe2 d6 12. Bd2 Nd7 13. Bc3 Bf6 14. Bxf6 Nxf6 15. Rfd1 Ke7 16. Bb5 Rac8 17. c3 Rhd8 18. Rd2 a6 19. Bxc6 Qxc6 20. Re1 Qc5 21. Red1 Qc4 22. Qxc4 Rxc4 23. e5 Ne4 24. exd6+ Rxd6 25. Rxd6 Nxd6 26. Ne5 Ra4 27. a3 Re4 28. Nd3 Re2 29. b3 Rc2 30. c4 Ne4 31. f3 Nd6 32. Kf1 Nf5 33. Re1 b6 34. Nb4 Rb2 35. Nxa6 Rxb3 36. Nc7 Kd6 37. Nb5+ Kc5 38. Rc1 Ne3+ 39. Kf2 Nxc4 40. a4 Kb4 41. Na7 Rc3 42. Nc6+ Kb3 43. Rb1+ Kxa4 44. Nd8 b5 45. Nxf7 b4 46. Nd8 b3 47. Nxe6 Na3 48. Rb2 Nb5 49. Rb1 Ka3 50. Ra1+ Kb4 51. Nf4 b2 52. Rb1 Kb3 53. Ne2 Rc2 54. Ke3 Rxe2+ 0-1

[Event "Lueneburg op-A"]
[Site "Lueneburg"]
[Date "2016.07.08"]
[Round "9"]
[White "Anderberg, Peter"]
[Black "Fischer, Gerd1"]
[Result "1/2-1/2"]
[WhiteElo "1992"]
[BlackElo "1921"]
[PlyCount "141"]
[EventDate "2016.07.01"]
[EventType "swiss"]
[EventRounds "9"]
[EventCountry "GER"]
[SourceTitle "CBM 173 Extra"]
[Source "ChessBase"]
[SourceDate "2016.08.29"]
[SourceVersion "1"]
[SourceVersionDate "2016.08.29"]
[SourceQuality "1"]

1. d4 e6 2. c4 f5 3. Nc3 Nf6 4. f3 d5 5. e3 Be7 6. Bd3 0-0 7. Nge2 c6 8. Qc2 a6 9. 0-0 Qe8 10. e4 dxc4 11. Bxc4 b5 12. Bd3 g6 13. Bh6 Rf7 14. Rae1 c5 15. dxc5 Bxc5+ 16. Kh1 Qc6 17. exf5 gxf5 18. Nf4 Bd4 19. Nfe2 Bxc3 20. Qxc3 Qxc3 21. Nxc3 Nc6 22. Bb1 Nb4 23. a3 Nbd5 24. Nxd5 Nxd5 25. Ba2 Bd7 26. Re5 Re8 27. Rfe1 Rf6 28. Bg5 Rg6 29. Bxd5 Rxg5 30. Bxe6+ Bxe6 31. Rxe6 Rd8 32. Re8+ Rxe8 33. Rxe8+ Kf7 34. Ra8 Rg6 35. Ra7+ Kg8 36. b4 f4 37. Kg1 Rc6 38. g3 fxg3 39. hxg3 Rc1+ 40. Kf2 Rc2+ 41. Kg1 Rc3 42. Rxa6 Rxf3 43. Kg2 Rb3 44. Kh3 Kg7 45. Kh4 Rd3 46. g4 h6 47. Ra5 Rb3 48. g5 hxg5+ 49. Kxg5 Kf7 50. Kf5 Ke7 51. Ke5 Kd7 52. Kd5 Rc3 53. Ra7+ Kc8 54. Rh7 Kb8 55. Kd4 Rxa3 56. Kc5 Rg3 57. Kxb5 Rg6 58. Kc5 Rf6 59. Rd7 Rh6 60. b5 Rg6 61. Rd6 Rxd6 62. Kxd6 Kb7 63. Kc5 Kc7 64. b6+ Kb7 65. Kb5 Kb8 66. Kc6 Kc8 67. Kc5 Kb7 68. Kb5 Kb8 69. Ka6 Ka8 70. b7+ Kb8 71. Kb6 1/2-1/2

[Event "Lueneburg op-A"]
[Site "Lueneburg"]
[Date "2016.07.05"]
[Round "6"]
[White "Anderberg, Peter"]
[Black "Simon, Tessa"]
[Result "1/2-1/2"]
[WhiteElo "1992"]
[BlackElo "1881"]
[PlyCount "93"]
[EventDate "2016.07.01"]
[EventType "swiss"]
[EventRounds "9"]
[EventCountry "GER"]
[SourceTitle "CBM 173 Extra"]
[Source "ChessBase"]
[SourceDate "2016.08.29"]
[SourceVersion "1"]
[SourceVersionDate "2016.08.29"]
[SourceQuality "1"]

1. d4 d5 2. c4 c6 3. Nf3 Nf6 4. e3 a6 5. Bd3 g6 6. Nbd2 Bg7 7. Qc2 0-0 8. b3 Re8 9. Bb2 Nbd7 10. 0-0 e5 11. Nxe5 Nxe5 12. dxe5 Ng4 13. Nf3 Nxe5 14. Nxe5 Bxe5 15. cxd5 Bxb2 16. Qxb2 Qxd5 17. Rad1 Qg5 18. e4 Be6 19. f4 Qc5+ 20. Kh1 Bg4 21. Rc1 Qh5 22. Qf6 Be2 23. Bc4 Bxc4 24. bxc4 Rxe4 25. Rb1 Re6 26. Qd4 b5 27. cxb5 axb5 28. Rb3 Qe2 29. Rbf3 Rxa2 30. Qg1 Qd2 31. Rd1 Qb2 32. f5 Re2 33. fxg6 hxg6 34. Rd8+ Kg7 35. Rd7 Rxg2 36. Rdxf7+ Kg8 37. Rf8+ Kh7 38. R8f7+ Kg8 39. Rf8+ Kg7 40. R3f7+ Kh6 41. Qe3+ Rg5 42. Qh3+ Rh5 43. Qe3+ Rg5 44. Rh8+ Qxh8 45. Qh3+ Rh5 46. Qe3+ Rg5 47. Qh3+ 1/2-1/2

[Event "Lueneburg op-A"]
[Site "Lueneburg"]
[Date "2016.07.02"]
[Round "3"]
[White "Light, Bjarne"]
[Black "Anderberg, Peter"]
[Result "1/2-1/2"]
[WhiteElo "2205"]
[BlackElo "1992"]
[PlyCount "64"]
[EventDate "2016.07.01"]
[EventType "swiss"]
[EventRounds "9"]
[EventCountry "GER"]
[SourceTitle "CBM 173 Extra"]
[Source "ChessBase"]
[SourceDate "2016.08.29"]
[SourceVersion "1"]
[SourceVersionDate "2016.08.29"]
[SourceQuality "1"]

1. c4 e5 2. g3 Nf6 3. Bg2 g6 4. Nc3 Bg7 5. Nf3 d6 6. 0-0 0-0 7. d3 Nc6 8. Rb1 Nh5 9. b4 f5 10. b5 Ne7 11. e3 f4 12. exf4 exf4 13. Qb3 Kh8 14. Bb2 fxg3 15. hxg3 Bg4 16. Nh2 Bc8 17. Rbe1 Rb8 18. Ne4 Bf5 19. g4 Bxe4 20. Bxg7+ Nxg7 21. Rxe4 Ng8 22. Rfe1 Qf6 23. Nf3 Rbe8 24. g5 Qf5 25. Qc3 Rxe4 26. Rxe4 Rf7 27. Qd2 Ne7 28. Nd4 Qd7 29. Qc3 Kg8 30. Re3 Ngf5 31. Rf3 Nh4 32. Rg3 Nef5 1/2-1/2

[Event "Blankenburg op-A 19th"]
[Site "Blankenburg"]
[Date "2014.10.02"]
[Round "2"]
[White "Anderberg, Peter"]
[Black "Kahe, Ralph"]
[Result "0-1"]
[WhiteElo "2072"]
[BlackElo "2193"]
[PlyCount "110"]
[EventDate "2014.10.02"]
[EventType "swiss"]
[EventRounds "7"]
[EventCountry "GER"]
[SourceTitle "EXT 2023"]
[Source "ChessBase"]
[SourceDate "2022.10.05"]
[SourceVersion "1"]
[SourceVersionDate "2022.10.05"]
[SourceQuality "1"]

1. d4 Nf6 2. c4 g6 3. Nc3 Bg7 4. e4 d6 5. h3 Nbd7 6. Be3 e5 7. d5 Nc5 8. Qc2 0-0 9. Nf3 a5 10. Be2 Ne8 11. Bxc5 dxc5 12. 0-0-0 Bd7 13. g3 Nd6 14. h4 h5 15. Nd2 Bh6 16. Kb1 Kg7 17. Rdf1 Bxd2 18. Qxd2 Qe7 19. Qe3 b6 20. Bd3 Rae8 21. Qe2 Qd8 22. f3 f5 23. Qg2 Rf6 24. Kc2 Ref8 25. f4 fxe4 26. Nxe4 Nxe4 27. Qxe4 exf4 28. Rxf4 Bf5 29. Qe5 Re8 30. Qc3 Re3 31. Rxf5 gxf5 32. Rf1 Rxg3 33. Rxf5 Kf7 34. Rxh5 Rf2+ 35. Kb3 Qf6 36. Rh7+ Kg8 37. Qxf6 Rxd3+ 38. Ka4 Rxf6 39. Rxc7 Rf2 40. Kb5 Rxb2+ 41. Kc6 Rxa2 42. Kxb6 a4 43. Ra7 a3 44. Kxc5 Rad2 45. d6 a2 46. h5 Kh8 47. h6 Kg8 48. h7+ Kh8 49. Ra8+ Kxh7 50. Ra7+ Kg6 51. Ra8 Kf7 52. Ra7+ Ke8 53. Ra8+ Kd7 54. Ra7+ Kc8 55. Ra5 Rxd6 0-1

[Event "Pinneberg-ch"]
[Site "Pinneberg"]
[Date "2002.10.10"]
[Round "7"]
[White "Bokelbrink, Uwe"]
[Black "Anderberg, Peter"]
[Result "1-0"]
[WhiteElo "2255"]
[BlackElo "2077"]
[PlyCount "53"]
[EventDate "2002.08.22"]
[EventType "swiss"]
[EventRounds "7"]
[EventCountry "GER"]
[SourceTitle "EXT 2004"]
[Source "ChessBase"]
[SourceDate "2003.11.25"]
[SourceVersion "1"]
[SourceVersionDate "2003.11.25"]
[SourceQuality "1"]

1. e4 e5 2. Nf3 Nc6 3. Bb5 a6 4. Ba4 Nf6 5. 0-0 Nxe4 6. d4 b5 7. Bb3 d5 8. dxe5 Be6 9. Be3 Bc5 10. Re1 0-0 11. c3 Bxe3 12. Rxe3 f5 13. a4 Nc5 14. axb5 Nxb3 15. Qxb3 axb5 16. Rxa8 Qxa8 17. Ng5 f4 18. Re1 Qe8 19. Qxb5 h6 20. Nf3 Nxe5 21. Nd4 Qg6 22. Rxe5 f3 23. Nxf3 Rxf3 24. Nd2 Rf8 25. Re1 Qf7 26. Qc5 Kh8 27. Rxe6 1-0

[Event "Pinneberg-ch"]
[Site "Pinneberg"]
[Date "2002.09.26"]
[Round "6"]
[White "Anderberg, Peter"]
[Black "Freitag, Roland"]
[Result "1/2-1/2"]
[WhiteElo "2077"]
[BlackElo "2267"]
[PlyCount "125"]
[EventDate "2002.08.22"]
[EventType "swiss"]
[EventRounds "7"]
[EventCountry "GER"]
[SourceTitle "EXT 2004"]
[Source "ChessBase"]
[SourceDate "2003.11.25"]
[SourceVersion "1"]
[SourceVersionDate "2003.11.25"]
[SourceQuality "1"]

1. d4 Nf6 2. Nf3 g6 3. c4 Bg7 4. Nc3 d6 5. e4 0-0 6. Be2 Na6 7. 0-0 Bg4 8. Be3 Nd7 9. Qd2 Bxf3 10. Bxf3 e5 11. Be2 Re8 12. Rfe1 exd4 13. Bxd4 Nac5 14. Bxg7 Kxg7 15. Qd4+ Qf6 16. Qxf6+ Nxf6 17. f3 a5 18. b3 h6 19. Rab1 Nfd7 20. Nd5 Rac8 21. Bf1 Ne5 22. Red1 g5 23. h3 Ne6 24. Ne3 h5 25. Kf2 h4 26. Be2 b6 27. Rd2 Red8 28. Rbd1 Ra8 29. Rh1 Rh8 30. Nf5+ Kf6 31. Nd4 Nxd4 32. Rxd4 Ke7 33. Rb1 Rh6 34. a4 Rg8 35. Rd5 Rf6 36. Ke3 c6 37. Rd2 Ra8 38. Rbd1 Ng6 39. Bf1 Nf4 40. Kf2 Rh8 41. Rd4 Re6 42. R4d2 Rd8 43. Rd4 Rf8 44. R4d2 f5 45. exf5 Rxf5 46. Bd3 Rfe5 47. Be4 d5 48. cxd5 cxd5 49. Bxd5 Re2+ 50. Rxe2 Rxe2+ 51. Kf1 Rxg2 52. Bc6 Rh2 53. Rd7+ Ke6 54. Rb7 Kd6 55. Rxb6 Kc5 56. Ra6 Rh1+ 57. Kf2 Rb1 58. Bd7 Rb2+ 59. Kf1 Kd4 60. Rxa5 Rb1+ 61. Kf2 Rb2+ 62. Kf1 Rb1+ 63. Kf2 1/2-1/2